000 01177nam a22002297a 4500
999 _c18416
_d18416
005 20251125232906.0
008 s2543 th tha d
040 _a์NALT
041 _atha
090 _aKE67.3 ด733ก 2543
100 0 _aดุษณี ธนะพงษ์พร
245 1 0 _aการเบิกจ่ายค่าใช้จ่ายในการเดินทางไปราชการและค่าใช้จ่ายในการฝึกอบรม
260 3 _aกรุงเทพฯ :
_bส่วนกฎหมายและระเบียบการคลัง,
_c2543
300 _a452 หน้า :
_b ตาราง ;
_c 26 ซม.
650 0 4 _aการเดินทาง -- การเบิกจ่าย
650 0 4 _aค่าใช้จ่ายในการเดินทางไปราชการ (พ.ร.ก.) -- 2526 -- แก้ไขเพิ่มเติม -- 2541
650 0 4 _aการเดินทาง -- ค่าใช้จ่าย
850 _aNALT
856 4 0 _uhttps://hdl.handle.net/20.500.14156/465349
_71
942 _cLB
_2lcc